Managing people (Record no. 50197)

MARC details
000 -LEADER
fixed length control field 00688nam a2200181 a 4500
008 - FIXED-LENGTH DATA ELEMENTS--GENERAL INFORMATION
fixed length control field 120416s1993 ||||||||||||||||| || u
020 ## - INTERNATIONAL STANDARD BOOK NUMBER
International Standard Book Number 0750606665
050 ## - LIBRARY OF CONGRESS CALL NUMBER
Classification number HF 5549 Tho
100 ## - MAIN ENTRY--PERSONAL NAME
Personal name Thomson, Rosemary
245 10 - TITLE STATEMENT
Title Managing people
260 ## - PUBLICATION, DISTRIBUTION, ETC.
Place of publication, distribution, etc. Oxford:
Name of publisher, distributor, etc. Butterworth Heinemann : Institute of Management Foundation
Date of publication, distribution, etc. 1993
300 ## - PHYSICAL DESCRIPTION
Extent xi, 183 p.: ill.
350 ## - PRICE (NR) (BK AM CF MU VM SE) [OBSOLETE]
Price 0.00
490 ## - SERIES STATEMENT
Series statement Institute of Management series
500 ## - GENERAL NOTE
General note Includes bibliographical references and index.
650 #0 - SUBJECT ADDED ENTRY--TOPICAL TERM
Topical term or geographic name entry element PERSONNEL MANAGEMENT
995 ## - RECOMMENDATION 995 [LOCAL, UNIMARC FRANCE]
-- 0.00
-- CBU-MAIN LIBRARY (Kitwe)
-- 1
-- 0.00
-- 1
-- DAMAGED
-- Jul 11, 2006
-- Main Library Open Access Collection
Holdings
Withdrawn status Lost status Source of classification or shelving scheme Damaged status Not for loan Home library Current library Shelving location Date acquired Total Checkouts Full call number Barcode Date last seen Price effective from Koha item type
          CBU-MAIN LIBRARY, KITWE. CBU-MAIN LIBRARY, KITWE.   11/30/2022   HF 5549 Tho 027560 11/30/2022 11/30/2022 MONOGRAPH